[Event "New York 1000 GM Spring Schev"]
[Site "New York"]
[Date "2024.03.31"]
[Round "8.3"]
[White "Yoo, Eugene"]
[Black "Rohde, Michael A"]
[Result "1-0"]
[WhiteElo "2205"]
[BlackElo "2318"]
[PlyCount "56"]
[EventDate "2024.03.27"]
[EventType "schev"]
[EventRounds "9"]
[EventCountry "USA"]
[SourceTitle "CB14_2024"]
[SourceDate "2024.04.01"]
[SourceVersion "1"]
[SourceVersionDate "2024.04.01"]
[SourceQuality "1"]

1. d4 Nf6 2. c4 d6 3. Nc3 Nbd7 4. g3 e5 5. Nf3 c6 6. e4 Qa5 7. Bd2 Qb6 8. c5 dxc5 9. dxe5 Ng4 10. e6 fxe6 11. Ng5 Ndf6 12. h3 Ne5 13. f4 Nf7 14. h4 Be7 15. Bc4 Nd6 16. Bxe6 h6 17. Bxc8 hxg5 18. Be6 Nfxe4 19. Nxe4 Nxe4 20. Qc2 Nxd2 21. Qg6+ Kd8 22. 0-0-0 Kc7 23. Qxg7 Rad8 24. Rxd2 Rxd2 25. Kxd2 Re8 26. Rd1 Qb4+ 27. Kc1 Qe4 28. Qf7 Qb4 1-0

[Event "New York 1000 GM Winter IM-C"]
[Site "New York"]
[Date "2024.01.11"]
[Round "1"]
[White "Rohde, Michael A"]
[Black "Mou, Iris Zhaoying"]
[Result "0-1"]
[WhiteElo "2333"]
[BlackElo "2128"]
[PlyCount "76"]
[EventDate "2024.01.11"]
[EventType "swiss"]
[EventRounds "9"]
[EventCountry "USA"]
[SourceTitle "CB04_2024"]
[SourceDate "2023.10.16"]
[SourceVersion "1"]
[SourceVersionDate "2023.10.16"]
[SourceQuality "1"]

1. Nf3 d5 2. c4 d4 3. a3 a5 4. e3 c5 5. exd4 cxd4 6. c5 Nc6 7. Bb5 Qd5 8. Qa4 Bg4 9. d3 Bxf3 10. gxf3 Qxf3 11. Rg1 e5 12. Nd2 Qd5 13. b4 Nf6 14. Bc4 Qd7 15. b5 Nd8 16. c6 bxc6 17. bxc6 Qc7 18. Rb1 Ra7 19. Nf3 h6 20. Nxe5 Qxe5+ 21. Kd1 Qh5+ 22. Kc2 Rc7 23. Re1+ Be7 24. Bf4 Rxc6 25. Bd6 Nd5 26. Bxe7 Nxe7 27. Rb7 0-0 28. Rbxe7 Qxh2 29. Qxa5 Qxf2+ 30. R1e2 Qf3 31. Qb5 Ne6 32. Rd2 Nc7 33. Qe5 Nd5 34. Re8 Rxe8 35. Qxe8+ Kh7 36. Kb3 Rb6+ 37. Ka4 Nc3+ 38. Ka5 Qb7 0-1

[Event "Titled Tuesday intern op 25th Jul Late"]
[Site "Chess.com INT"]
[Date "2023.07.25"]
[Round "1"]
[White "Rohde, Michael A"]
[Black "Sargsyan, Shant"]
[Result "0-1"]
[WhiteElo "2340"]
[BlackElo "2654"]
[PlyCount "66"]
[EventDate "2023.07.25"]
[EventType "swiss (blitz)"]
[EventRounds "11"]
[EventCountry "USA"]
[SourceTitle "EXT 2024"]
[Source "ChessBase"]
[SourceDate "2023.10.10"]
[SourceVersion "1"]
[SourceVersionDate "2023.10.10"]
[SourceQuality "1"]

1. Nf3 g6 2. e4 Bg7 3. d4 d6 4. Nc3 a6 5. Bc4 b5 6. Bb3 Bb7 7. 0-0 e6 8. e5 d5 9. a4 c6 10. Bg5 Ne7 11. Qd2 h6 12. Bf4 g5 13. Be3 Nf5 14. Ne2 Nd7 15. c3 c5 16. dxc5 Nxe3 17. Qxe3 Qc7 18. Ned4 Nxc5 19. Bc2 bxa4 20. Rfe1 Rb8 21. h4 g4 22. Nh2 h5 23. Bxa4+ Nxa4 24. Rxa4 Bh6 25. Qe2 Bc8 26. Nf1 Bf8 27. Ng3 Be7 28. Ngf5 exf5 29. e6 f6 30. Nxf5 Qe5 31. Qxe5 fxe5 32. Rxe5 Rb6 33. Rf4 Rh7 0-1

[Event "Titled Tuesday intern op 20th Jun Early"]
[Site "Chess.com INT"]
[Date "2023.06.20"]
[Round "4"]
[White "Rohde, Michael A"]
[Black "Winkels, Marcel"]
[Result "1-0"]
[WhiteElo "2339"]
[BlackElo "1920"]
[PlyCount "57"]
[EventDate "2023.06.20"]
[EventType "swiss (blitz)"]
[EventRounds "11"]
[EventCountry "USA"]
[SourceTitle "EXT 2024"]
[Source "ChessBase"]
[SourceDate "2023.10.10"]
[SourceVersion "1"]
[SourceVersionDate "2023.10.10"]
[SourceQuality "1"]

1. Nf3 Nf6 2. c4 g6 3. Nc3 d5 4. cxd5 Nxd5 5. Qa4+ Nc6 6. Ne5 Qd6 7. Nxc6 bxc6 8. g3 Bg7 9. Bg2 0-0 10. 0-0 Bd7 11. Ne4 Qb4 12. Qxb4 Nxb4 13. Nc5 Bf5 14. d3 Bd4 15. Nb3 Bg7 16. Bd2 a5 17. Bc3 e5 18. Nxa5 Nd5 19. Nxc6 Nxc3 20. bxc3 Ra3 21. Ne7+ Kh8 22. Nxf5 gxf5 23. Rfc1 e4 24. d4 Rfa8 25. Bh3 Rxa2 26. Rxa2 Rxa2 27. e3 f4 28. gxf4 Bf8 29. Bf5 1-0

[Event "New York Summer IM-D"]
[Site "New York"]
[Date "2022.07.08"]
[Round "3"]
[White "Rohde, Michael A"]
[Black "Rosenberg, Evan"]
[Result "1-0"]
[WhiteElo "2334"]
[BlackElo "2016"]
[PlyCount "117"]
[EventDate "2022.07.07"]
[EventType "tourn"]
[EventRounds "9"]
[EventCountry "USA"]
[SourceTitle "CBM 209 Extra"]
[Source "ChessBase"]
[SourceDate "2022.09.30"]
[SourceVersion "1"]
[SourceVersionDate "2022.09.30"]
[SourceQuality "1"]

1. Nf3 d5 2. d4 Bf5 3. c4 e6 4. Nbd2 Nf6 5. Nh4 Be4 6. f3 Nh5 7. g3 Bd6 8. Kf2 Qf6 9. Nxe4 dxe4 10. Qb3 Nc6 11. Qxb7 Kd7 12. Qb5 Qxd4+ 13. Be3 Qe5 14. Rd1 Qxb5 15. cxb5 Nb4 16. fxe4 Nf6 17. Kf3 Kc8 18. Bd2 Nc2 19. Bc3 Bc5 20. Ng2 h5 21. Bxf6 gxf6 22. e3 h4 23. gxh4 Rd8 24. Rxd8+ Kxd8 25. Be2 Bd6 26. Rc1 Nb4 27. a3 f5 28. axb4 fxe4+ 29. Kxe4 Kd7 30. Nf4 Rg8 31. Kf3 Bxb4 32. Rc4 Bd6 33. Nh5 Rh8 34. Ng3 Rh6 35. Ra4 Rf6+ 36. Kg2 Rh6 37. h5 Bc5 38. e4 Kd6 39. Rc4 Bb6 40. Nf1 Ke5 41. Kg3 Rh7 42. Nd2 Rg7+ 43. Kf3 Rg5 44. Ra4 Bg1 45. Nc4+ Kf6 46. e5+ Ke7 47. h6 Rf5+ 48. Kg4 Rf2 49. h4 Rg2+ 50. Kh3 Rg6 51. h7 Rh6 52. Bd3 Bf2 53. Nd2 Be3 54. Nf3 Bc1 55. Rg4 Bxb2 56. Rg8 f6 57. h8Q Rxh8 58. Rxh8 fxe5 59. Be4 1-0

[Event "Titled Tuesday intern op 05th Jul Early"]
[Site "Chess.com INT"]
[Date "2022.07.05"]
[Round "3"]
[White "Molina, Roberto Junio Brito"]
[Black "Rohde, Michael A"]
[Result "1-0"]
[WhiteElo "2400"]
[BlackElo "2334"]
[PlyCount "95"]
[EventDate "2022.07.05"]
[EventType "swiss (blitz)"]
[EventRounds "11"]
[EventCountry "USA"]
[SourceTitle "CBM 209 Extra"]
[Source "ChessBase"]
[SourceDate "2022.09.30"]
[SourceVersion "1"]
[SourceVersionDate "2022.09.30"]
[SourceQuality "1"]

1. d4 Nf6 2. Nf3 d6 3. e3 g6 4. b3 Bg7 5. Bb2 0-0 6. c4 Bf5 7. Be2 c6 8. 0-0 a6 9. Nc3 b5 10. Bd3 Bxd3 11. Qxd3 Nbd7 12. Rac1 bxc4 13. Qxc4 c5 14. Rfd1 Qa5 15. Qa4 Qxa4 16. Nxa4 Ne4 17. dxc5 Bxb2 18. Nxb2 Ndxc5 19. Nd4 Rfc8 20. f3 Nf6 21. Kf2 Kf8 22. e4 Rab8 23. Ke3 a5 24. Nd3 Nfd7 25. Rc3 Nxd3 26. Rxc8+ Rxc8 27. Kxd3 a4 28. Rb1 axb3 29. axb3 Ke8 30. Kd2 Nb6 31. Ra1 Kd7 32. Nb5 Ra8 33. Rxa8 Nxa8 34. Kc3 Kc6 35. Kb4 Kb6 36. f4 Ka6 37. Nc3 Nb6 38. Nd5 Nc8 39. Kc4 e6 40. Nf6 h5 41. g3 Kb6 42. h3 Kc6 43. g4 Nb6+ 44. Kd4 hxg4 45. Nxg4 Kb5 46. e5 d5 47. Nh6 Kb4 48. Nxf7 1-0

[Event "Titled Tuesday intern op 05th Jul Early"]
[Site "Chess.com INT"]
[Date "2022.07.05"]
[Round "2"]
[White "Rohde, Michael A"]
[Black "Araujo Sanchez, Josue"]
[Result "1-0"]
[WhiteElo "2334"]
[BlackElo "2256"]
[PlyCount "107"]
[EventDate "2022.07.05"]
[EventType "swiss (blitz)"]
[EventRounds "11"]
[EventCountry "USA"]
[SourceTitle "CBM 209 Extra"]
[Source "ChessBase"]
[SourceDate "2022.09.30"]
[SourceVersion "1"]
[SourceVersionDate "2022.09.30"]
[SourceQuality "1"]

1. Nf3 g6 2. e4 Bg7 3. d4 c6 4. Nc3 d5 5. h3 dxe4 6. Nxe4 Nf6 7. Nxf6+ exf6 8. Bc4 0-0 9. 0-0 Nd7 10. c3 Nb6 11. Bb3 a5 12. a4 Nd5 13. Bd2 Be6 14. c4 Nb4 15. Bxb4 axb4 16. Qd2 Qa5 17. Rfe1 Rad8 18. Rad1 b5 19. axb5 cxb5 20. Qd3 bxc4 21. Bxc4 Bxc4 22. Qxc4 Qb6 23. d5 Rc8 24. Qd4 Qd6 25. Re2 f5 26. Qh4 Rfe8 27. Red2 Re4 28. Qg3 Qxg3 29. fxg3 Bh6 30. Rd3 Rc2 31. d6 Rc8 32. d7 Rd8 33. Rd6 Kf8 34. Kf2 Be3+ 35. Kf1 Ke7 36. R6d5 Bh6 37. Ne5 Bg5 38. Nc6+ Kf8 39. Nxd8 Bxd8 40. Re1 Rxe1+ 41. Kxe1 Ke7 42. Ke2 Ke6 43. Rd4 h5 44. Kd3 Ke5 45. Kc4 f6 46. Rd1 g5 47. Kxb4 Ke6 48. Kc5 Ke7 49. b4 Bc7 50. b5 Kd8 51. Kc6 Bxg3 52. b6 Be5 53. b7 g4 54. Re1 1-0

[Event "Titled Tuesday intern op 05th Jul Early"]
[Site "Chess.com INT"]
[Date "2022.07.05"]
[Round "1"]
[White "Rohde, Michael A"]
[Black "Tanenbaum, Zachary Chen"]
[Result "1-0"]
[WhiteElo "2334"]
[BlackElo "2168"]
[PlyCount "139"]
[EventDate "2022.07.05"]
[EventType "swiss (blitz)"]
[EventRounds "11"]
[EventCountry "USA"]
[SourceTitle "CBM 209 Extra"]
[Source "ChessBase"]
[SourceDate "2022.09.30"]
[SourceVersion "1"]
[SourceVersionDate "2022.09.30"]
[SourceQuality "1"]

1. Nf3 d5 2. c4 dxc4 3. e3 a6 4. Bxc4 Nf6 5. d4 e6 6. 0-0 c5 7. Qe2 b5 8. Bd3 Nbd7 9. Rd1 Bb7 10. a4 c4 11. Bc2 Be7 12. e4 0-0 13. Bg5 Rc8 14. axb5 axb5 15. Nbd2 h6 16. Bh4 b4 17. e5 Nd5 18. Bxe7 Nxe7 19. Nxc4 Bxf3 20. gxf3 Nd5 21. Qe4 Qg5+ 22. Kh1 g6 23. Bb3 Kh7 24. Rg1 Qh5 25. Qg4 Qxg4 26. fxg4 g5 27. Nd6 Rc7 28. Rac1 Rxc1 29. Rxc1 f6 30. Bxd5 exd5 31. Rc7 fxe5 32. Rxd7+ Kg6 33. Nf5 exd4 34. Rd6+ Kh7 35. Rxh6+ Kg8 36. Rd6 Re8 37. Rxd5 Re2 38. Kg2 Rxb2 39. Rxd4 b3 40. Rb4 Rb1 41. Ne3 Kf7 42. Kf3 Kf6 43. Nc4 Kg6 44. Nd2 Rd1 45. Nxb3 Rd3+ 46. Ke4 Rc3 47. Rb6+ Kg7 48. Nd4 Rc4 49. Ke5 Rc5+ 50. Ke4 Rc4 51. f3 Rc3 52. Rc6 Ra3 53. Nf5+ Kh7 54. Ke5 Rxf3 55. Kf6 Rh3 56. Kxg5 Rf3 57. Rc7+ Kh8 58. h4 Rd3 59. h5 Rd8 60. Nh4 Ra8 61. h6 Ra5+ 62. Kf4 Ra4+ 63. Kf3 Ra3+ 64. Ke2 Ra2+ 65. Kd3 Ra3+ 66. Kc4 Ra4+ 67. Kd5 Rxg4 68. Nf5 Rg6 69. Ke5 Rg4 70. Rg7 1-0

[Event "New York Winter GM-B"]
[Site "New York"]
[Date "2022.01.16"]
[Round "6"]
[White "Rohde, Michael A"]
[Black "Martinez Alcantara, Jose Eduardo"]
[Result "0-1"]
[WhiteElo "2343"]
[BlackElo "2615"]
[PlyCount "108"]
[EventDate "2022.01.13"]
[EventType "tourn"]
[EventRounds "9"]
[EventCountry "USA"]
[EventCategory "8"]
[SourceTitle "CBM 206 Extra"]
[Source "ChessBase"]
[SourceDate "2022.03.31"]
[SourceVersion "1"]
[SourceVersionDate "2022.03.31"]
[SourceQuality "1"]

1. Nf3 c5 2. c4 Nc6 3. d4 cxd4 4. Nxd4 Nf6 5. Nc3 e6 6. g3 Qb6 7. Nb3 Ne5 8. e4 Bb4 9. Qe2 d6 10. Bd2 0-0 11. f4 Nc6 12. Be3 Qc7 13. Bg2 Bxc3+ 14. bxc3 e5 15. 0-0 b6 16. f5 Ba6 17. Bg5 Rfc8 18. Rfd1 Nd8 19. Bxf6 gxf6 20. Bf1 Nb7 21. Nd2 Kf8 22. Kg2 Ke7 23. Rab1 Qc6 24. Rb4 Nc5 25. Qe3 Bb7 26. Re1 Rc7 27. Qh6 Rh8 28. Kh3 Qe8 29. Re3 Qg8 30. Be2 Qg5 31. Qxg5 fxg5 32. Kg2 Nd7 33. Kf2 Nf6 34. h3 Rc5 35. Ra4 Ra8 36. Bd3 Rc7 37. Rb4 Nd7 38. Re1 Rac8 39. Bf1 Nb8 40. Ra4 Bc6 41. Rb4 Be8 42. Rb2 f6 43. Be2 Bf7 44. Nf1 Bxc4 45. Bxc4 Rxc4 46. Ne3 Ra4 47. Nd5+ Kf7 48. Rd2 Na6 49. h4 g4 50. Ne3 Nc5 51. Nxg4 h5 52. Nxf6 Kxf6 53. Rxd6+ Ke7 54. Rh6 Nd3+ 0-1

[Event "New York Winter GM-B"]
[Site "New York"]
[Date "2022.01.15"]
[Round "5"]
[White "Korley, Kassa"]
[Black "Rohde, Michael A"]
[Result "0-1"]
[WhiteElo "2394"]
[BlackElo "2343"]
[PlyCount "50"]
[EventDate "2022.01.13"]
[EventType "tourn"]
[EventRounds "9"]
[EventCountry "USA"]
[EventCategory "8"]
[SourceTitle "CBM 206 Extra"]
[Source "ChessBase"]
[SourceDate "2022.03.31"]
[SourceVersion "1"]
[SourceVersionDate "2022.03.31"]
[SourceQuality "1"]

1. d4 Nf6 2. c4 e6 3. Nf3 b6 4. g3 Bb7 5. Bg2 Be7 6. 0-0 0-0 7. d5 exd5 8. Nh4 c6 9. cxd5 Nxd5 10. Nf5 Nc7 11. e4 d5 12. Nc3 Bf6 13. Bf4 Nd7 14. Re1 d4 15. Nxd4 Ne5 16. Nf5 Ne6 17. Bxe5 Bxe5 18. f4 Bd4+ 19. Nxd4 Qxd4+ 20. Qxd4 Nxd4 21. Rad1 c5 22. Kf2 Rad8 23. Rd2 f5 24. e5 Bxg2 25. Kxg2 Nf3 0-1

[Event "Titled Tuesday intern op 07th Sept"]
[Site "Chess.com INT"]
[Date "2021.09.07"]
[Round "2"]
[White "Rohde, Michael A"]
[Black "Mirza, Diana"]
[Result "1-0"]
[WhiteElo "2348"]
[BlackElo "1898"]
[PlyCount "93"]
[EventDate "2021.09.07"]
[EventType "swiss (blitz)"]
[EventRounds "11"]
[EventCountry "USA"]
[SourceTitle "EXT 2022"]
[Source "ChessBase"]
[SourceDate "2021.10.06"]
[SourceVersion "1"]
[SourceVersionDate "2021.10.06"]
[SourceQuality "1"]

1. Nf3 d5 2. c4 d4 3. a3 c5 4. b4 cxb4 5. axb4 g6 6. Bb2 Bg7 7. e3 e5 8. exd4 exd4 9. Be2 Ne7 10. Na3 0-0 11. d3 Nbc6 12. Nc2 Nf5 13. b5 Ne5 14. Nfxd4 Nxd4 15. Bxd4 Bf5 16. 0-0 Qh4 17. g3 Qh3 18. Ne3 Ng4 19. Bxg4 Bxg4 20. Qxg4 Qxg4 21. Nxg4 Bxd4 22. Rae1 Rad8 23. Re7 h5 24. Ne3 Rfe8 25. Rxe8+ Rxe8 26. Re1 b6 27. Nc2 Rxe1+ 28. Nxe1 Kg7 29. Nf3 Bc3 30. Kf1 Kf6 31. Ke2 Ke6 32. Ke3 Kd6 33. d4 f5 34. Nh4 f4+ 35. gxf4 Ke6 36. Nxg6 Kf5 37. Ne5 Bb2 38. c5 Bc1+ 39. Kd3 Bxf4 40. c6 Bxe5 41. dxe5 Kxe5 42. c7 Kd6 43. c8Q Ke5 44. Qc6 Kf4 45. Qe4+ Kg5 46. Qe5+ Kh4 47. Qg3# 1-0

[Event "Titled Tuesday intern op 06th July"]
[Site "Chess.com INT"]
[Date "2021.07.06"]
[Round "3"]
[White "Rohde, Michael A"]
[Black "Guevara Sanchez, Erick Marvin"]
[Result "0-1"]
[WhiteElo "2348"]
[BlackElo "2173"]
[PlyCount "74"]
[EventDate "2021.07.06"]
[EventType "swiss (blitz)"]
[EventRounds "11"]
[EventCountry "USA"]
[SourceTitle "EXT 2022"]
[Source "ChessBase"]
[SourceDate "2021.10.06"]
[SourceVersion "1"]
[SourceVersionDate "2021.10.06"]
[SourceQuality "1"]

1. e4 c5 2. Nf3 Nc6 3. Bb5 Nd4 4. Nxd4 cxd4 5. 0-0 a6 6. Ba4 b5 7. Bb3 e6 8. d3 Bc5 9. Nd2 Ne7 10. f4 Bb7 11. Nf3 f5 12. e5 Qc7 13. Bd2 h6 14. Qe2 0-0-0 15. a3 g5 16. Bb4 gxf4 17. Rae1 Bxb4 18. axb4 Rdg8 19. Rf2 Rg4 20. Nxd4 Rhg8 21. Nf3 h5 22. c4 h4 23. Kh1 h3 24. gxh3 Rh4 25. Rg1 Rgh8 26. d4 Rxh3 27. d5 exd5 28. cxb5 d4 29. bxa6 Ba8 30. Bd1 Nc6 31. e6 Ne5 32. exd7+ Kd8 33. Qd2 Qc6 34. Qxd4 Nxf3 35. Bxf3 Qxf3+ 36. Rgg2 Rxh2+ 37. Kg1 Rh1# 0-1

[Event "North American op 30th"]
[Site "ICC INT"]
[Date "2020.12.28"]
[Round "5"]
[White "Rohde, Michael A"]
[Black "Park, Evan"]
[Result "0-1"]
[WhiteElo "2348"]
[BlackElo "2169"]
[PlyCount "142"]
[EventDate "2020.12.26"]
[EventType "swiss"]
[EventRounds "8"]
[EventCountry "USA"]
[SourceTitle "CBM 200 Extra"]
[Source "ChessBase"]
[SourceDate "2021.03.31"]
[SourceVersion "1"]
[SourceVersionDate "2021.03.31"]
[SourceQuality "1"]

1. Nf3 d5 2. d4 Nf6 3. Bf4 e6 4. e3 c5 5. c3 Nc6 6. Nbd2 Bd6 7. Bg3 0-0 8. Bd3 b6 9. Ne5 Bb7 10. 0-0 Qc7 11. f4 Ne7 12. Qf3 Nf5 13. Bf2 Be7 14. Rad1 Nd6 15. Bh4 Nfe4 16. Bxe7 Qxe7 17. dxc5 bxc5 18. Bxe4 dxe4 19. Qe2 f6 20. Ng4 a5 21. c4 Bc6 22. Nb1 Rab8 23. Rd2 Rb4 24. Na3 Rfb8 25. Rfd1 Nf7 26. Rc1 a4 27. h3 f5 28. Nf2 e5 29. Nd1 exf4 30. exf4 g5 31. Qf2 gxf4 32. Qxf4 Qe5 33. Rf2 Qxf4 34. Rxf4 Bd7 35. Nc2 R4b7 36. Nce3 Ne5 37. Rc3 Nd3 38. Rf1 Rf8 39. b3 axb3 40. axb3 Be6 41. g3 Rg7 42. Kh2 Ne5 43. Rf4 Nf3+ 44. Kg2 Nd4 45. Kf2 Rxg3 46. Kxg3 Ne2+ 47. Kf2 Nxf4 48. Nd5 Nxd5 49. cxd5 Bxd5 50. Ne3 Be6 51. Rxc5 f4 52. Rg5+ Kf7 53. Ng2 Kf6 54. Rb5 Ke7 55. Rb7+ Bd7 56. h4 Kd6 57. b4 e3+ 58. Nxe3 fxe3+ 59. Kxe3 Rf5 60. Ra7 Rb5 61. Ra5 Rxa5 62. bxa5 Kc5 63. Kf4 Kb5 64. Kg5 Kxa5 65. Kf6 Ba4 66. Kg7 Bc2 67. h5 Kb5 68. Kf6 Kc5 69. Kf7 Kd5 70. Kf6 Ke4 71. Kg5 Kf3 0-1

[Event "North American op 30th"]
[Site "ICC INT"]
[Date "2020.12.27"]
[Round "4"]
[White "Yan, Rui Yang"]
[Black "Rohde, Michael A"]
[Result "0-1"]
[WhiteElo "2093"]
[BlackElo "2348"]
[PlyCount "138"]
[EventDate "2020.12.26"]
[EventType "swiss"]
[EventRounds "8"]
[EventCountry "USA"]
[SourceTitle "CBM 200 Extra"]
[Source "ChessBase"]
[SourceDate "2021.03.31"]
[SourceVersion "1"]
[SourceVersionDate "2021.03.31"]
[SourceQuality "1"]

1. e4 c5 2. Nf3 e6 3. d4 cxd4 4. Nxd4 Nc6 5. Nc3 Qc7 6. g3 a6 7. Bg2 d6 8. 0-0 Be7 9. Be3 Nf6 10. Nxc6 bxc6 11. Na4 Bb7 12. c4 c5 13. Nc3 0-0 14. h3 Rfe8 15. Qc2 Nd7 16. Rad1 Ne5 17. b3 Rad8 18. Ne2 Bf8 19. g4 Nc6 20. f4 d5 21. Bf2 Nb4 22. Qb1 dxe4 23. Bxe4 Bxe4 24. Qxe4 Nxa2 25. Qf3 Rxd1 26. Rxd1 Rd8 27. Rxd8 Qxd8 28. Ng3 Nb4 29. Ne4 Qd3 30. Kg2 Qc2 31. f5 Nd3 32. Kh2 exf5 33. Qxf5 g6 34. Qf3 Nxf2 35. Nxf2 Bd6+ 36. Kg2 Be5 37. Qd3 Qb2 38. Kf1 Bd4 39. Ne4 h6 40. Qf3 Qh2 41. Ke1 a5 42. Kd1 Kg7 43. Ke1 Qb8 44. Nd2 Qb4 45. Ke2 a4 46. bxa4 Bc3 47. Ne4 Qxc4+ 48. Qd3 Qa2+ 49. Kf3 Bd4 50. Qd1 Qa3+ 51. Kg2 Qe3 52. Nd2 Qd3 53. a5 Bc3 54. a6 Qxa6 55. Nf3 Qa2+ 56. Kg3 Qe6 57. Qc2 Be5+ 58. Kg2 Qd5 59. Qe2 Bf6 60. Kg3 c4 61. h4 c3 62. Qc2 Qc5 63. Qc1 c2 64. Kg2 Qc4 65. Kf2 Qd3 66. g5 hxg5 67. hxg5 Bc3 68. Qf4 Qd1 69. Ne5 Qd4+ 0-1

[Event "North American op 30th"]
[Site "ICC INT"]
[Date "2020.12.26"]
[Round "1"]
[White "Rohde, Michael A"]
[Black "Rempe, Jonas"]
[Result "1-0"]
[WhiteElo "2348"]
[BlackElo "1957"]
[PlyCount "55"]
[EventDate "2020.12.26"]
[EventType "swiss"]
[EventRounds "8"]
[EventCountry "USA"]
[SourceTitle "CBM 200 Extra"]
[Source "ChessBase"]
[SourceDate "2021.03.31"]
[SourceVersion "1"]
[SourceVersionDate "2021.03.31"]
[SourceQuality "1"]

1. Nf3 Nf6 2. c4 g6 3. Nc3 Bg7 4. e4 d6 5. d4 0-0 6. Be2 Na6 7. 0-0 e5 8. Re1 c6 9. Rb1 Qe7 10. Bg5 h6 11. Bh4 g5 12. Bg3 Nh5 13. d5 c5 14. Nd2 Nxg3 15. hxg3 b6 16. Nf1 Bd7 17. Ne3 Nc7 18. Bg4 Ne8 19. Bxd7 Qxd7 20. Nf5 a6 21. b4 Nf6 22. bxc5 bxc5 23. Rb6 Ne8 24. Qa4 Qxa4 25. Nxa4 Rd8 26. Reb1 Kh7 27. Rxa6 Bf6 28. Rbb6 1-0

[Event "Titled Tuesday intern op 21st July"]
[Site "Chess.com INT"]
[Date "2020.07.21"]
[Round "3"]
[White "Guo, Arthur"]
[Black "Rohde, Michael A"]
[Result "1-0"]
[WhiteElo "2358"]
[BlackElo "2348"]
[PlyCount "137"]
[EventDate "2020.07.21"]
[EventType "swiss (blitz)"]
[EventRounds "10"]
[EventCountry "USA"]
[SourceTitle "CBM 197 Extra"]
[Source "ChessBase"]
[SourceDate "2020.09.30"]
[SourceVersion "1"]
[SourceVersionDate "2020.09.30"]
[SourceQuality "1"]

1. e4 c6 2. Nc3 d5 3. Nf3 Bg4 4. h3 Bxf3 5. Qxf3 Nf6 6. Be2 e6 7. 0-0 Nbd7 8. d4 dxe4 9. Nxe4 Nxe4 10. Qxe4 Nf6 11. Qd3 Be7 12. Bf3 0-0 13. c3 Qc7 14. g3 Rfd8 15. Qe2 c5 16. Bf4 Bd6 17. Bxd6 Qxd6 18. dxc5 Qxc5 19. Bxb7 Rab8 20. Bg2 a5 21. Rfd1 h6 22. Rxd8+ Rxd8 23. Rd1 Rb8 24. Qc2 a4 25. b3 a3 26. Rd4 e5 27. Rd2 e4 28. Rd4 Re8 29. Bxe4 Nxe4 30. Rxe4 Rxe4 31. Qxe4 Qxc3 32. Qa8+ Kh7 33. Qxa3 Qe1+ 34. Kg2 Qe4+ 35. Kh2 Qd4 36. Qa8 Qxf2+ 37. Qg2 Qe3 38. Qc2+ g6 39. a4 h5 40. Qa2 h4 41. gxh4 Qf4+ 42. Kg2 Qe4+ 43. Kf2 Qxh4+ 44. Ke2 Qxh3 45. Qa3 Qg4+ 46. Kd3 Qf3+ 47. Kd4 g5 48. Qa2 g4 49. Qc2+ f5 50. Qc7+ Kg6 51. Qd6+ Kh5 52. Qh2+ Kg5 53. Qh7 g3 54. Qg7+ Kh4 55. Qh6+ Kg4 56. Qg6+ Kh3 57. a5 Qxb3 58. a6 Qb2+ 59. Kc4 Qc2+ 60. Kd4 g2 61. Qh5+ Kg3 62. Qg5+ Kh2 63. Qh4+ Kg1 64. Qe1+ Kh2 65. Qh4+ Kg1 66. Qe1+ Kh2 67. Qe5+ Kh1 68. Qh8+ Kg1 69. Kd5 1-0

[Event "Titled Tuesday intern op 21st July"]
[Site "Chess.com INT"]
[Date "2020.07.21"]
[Round "1"]
[White "Rohde, Michael A"]
[Black "Bocharov, Dmitry"]
[Result "1-0"]
[WhiteElo "2348"]
[BlackElo "2524"]
[PlyCount "93"]
[EventDate "2020.07.21"]
[EventType "swiss (blitz)"]
[EventRounds "10"]
[EventCountry "USA"]
[SourceTitle "CBM 197 Extra"]
[Source "ChessBase"]
[SourceDate "2020.09.30"]
[SourceVersion "1"]
[SourceVersionDate "2020.09.30"]
[SourceQuality "1"]

1. Nf3 c5 2. c4 Nc6 3. d4 cxd4 4. Nxd4 Nf6 5. Nc3 e6 6. g3 Qb6 7. Nb3 Ne5 8. e4 Bb4 9. Qe2 d6 10. Bd2 0-0 11. 0-0-0 a5 12. Be3 Qc6 13. Nd4 Qa6 14. Ndb5 Qc6 15. Nd4 Qe8 16. Ndb5 Qe7 17. a3 Bc5 18. Bxc5 dxc5 19. f4 Nc6 20. e5 Nd7 21. Bg2 Nd4 22. Nxd4 cxd4 23. Rxd4 Nc5 24. Rd6 Bd7 25. Rhd1 Bc6 26. Bxc6 bxc6 27. Qe3 Qa7 28. Kc2 Rfb8 29. Na4 Qb7 30. Qxc5 Qb3+ 31. Kc1 Qxa4 32. Qxc6 Qb3 33. Qb5 Qe3+ 34. Kb1 h5 35. Qa4 h4 36. Qc2 hxg3 37. hxg3 Qxg3 38. Qd2 Qf3 39. c5 Qe4+ 40. Ka1 Rc8 41. c6 Rxc6 42. Rd8+ Rxd8 43. Qxd8+ Kh7 44. Qh4+ Kg6 45. Qg5+ Kh7 46. Qh5+ Kg8 47. Rd8# 1-0

[Event "Titled Tuesday intern op 7th July"]
[Site "Chess.com INT"]
[Date "2020.07.07"]
[Round "3"]
[White "Rohde, Michael A"]
[Black "Vifleemskaia, Svetlana"]
[Result "1-0"]
[WhiteElo "2348"]
[BlackElo "1943"]
[PlyCount "51"]
[EventDate "2020.07.07"]
[EventType "swiss (blitz)"]
[EventRounds "10"]
[EventCountry "USA"]
[SourceTitle "CBM 197 Extra"]
[Source "ChessBase"]
[SourceDate "2020.09.30"]
[SourceVersion "1"]
[SourceVersionDate "2020.09.30"]
[SourceQuality "1"]

1. Nf3 Nc6 2. d4 d5 3. Bf4 Bg4 4. Nbd2 e6 5. h3 Bh5 6. e3 Bd6 7. Bb5 Nge7 8. 0-0 0-0 9. c3 a6 10. Ba4 b5 11. Bc2 Bg6 12. Bxd6 cxd6 13. Bxg6 Nxg6 14. e4 dxe4 15. Nxe4 Nce7 16. Qd2 Nd5 17. a4 Qb6 18. Rfe1 Qc6 19. h4 bxa4 20. h5 Nge7 21. h6 g6 22. Nfg5 Nf5 23. Rac1 Nxh6 24. c4 Ne7 25. d5 Qd7 26. Nf6+ 1-0

[Event "Titled Tuesday intern op 30th June"]
[Site "Chess.com INT"]
[Date "2020.06.30"]
[Round "1"]
[White "Lobanov, Sergei"]
[Black "Rohde, Michael A"]
[Result "1-0"]
[WhiteElo "2516"]
[BlackElo "2348"]
[PlyCount "85"]
[EventDate "2020.06.30"]
[EventType "swiss (blitz)"]
[EventRounds "10"]
[EventCountry "USA"]
[SourceTitle "CBM 197 Extra"]
[Source "ChessBase"]
[SourceDate "2020.09.30"]
[SourceVersion "1"]
[SourceVersionDate "2020.09.30"]
[SourceQuality "1"]

1. e4 c5 2. Nf3 e6 3. d4 cxd4 4. Nxd4 Nc6 5. Nc3 Qc7 6. Be3 Nf6 7. Qf3 a6 8. 0-0-0 Be7 9. Be2 h5 10. Qg3 Qxg3 11. hxg3 Ne5 12. f3 Rg8 13. Bf4 d6 14. Nb3 Bd7 15. Na5 Rb8 16. Nc4 Nxc4 17. Bxc4 e5 18. Bg5 Rc8 19. Bb3 Be6 20. Bxf6 gxf6 21. Rxh5 Rxg3 22. Rh2 Kd7 23. Ne2 Rg7 24. g4 Bd8 25. Nc3 Bb6 26. Nd5 Bxd5 27. Bxd5 Be3+ 28. Kb1 b5 29. c3 Rb8 30. Rdh1 Bf4 31. Rh7 Rxh7 32. Rxh7 Bg5 33. Rxf7+ Ke8 34. Rh7 Rb6 35. b4 Kf8 36. Kc2 Ke8 37. Kb3 Kd8 38. a4 bxa4+ 39. Kxa4 Be3 40. c4 Bd2 41. b5 axb5+ 42. cxb5 Be3 43. Bc6 1-0